000 01060nam a2200289 a 4500
001 64583
003 BD-RjUL
005 20211209081326.0
008 170216s1974 nyu b 001 0 eng
020 _a0379006197
035 _a(BD-RjUL)64713
040 _aDLC
_cDLC
_dDLC
_dBD-RjUL
_beng
041 _aeng
082 0 0 _223
_a974.461
_bBOS 1978
245 0 0 _aBoston :
_ba chronological & documentary history, 1602-1970 /
_ccompiled and edited by George J. Lankevich.
260 _aDobbs Ferry, N.Y. :
_bOceana Publications,
_cc1974.
300 _avii, 152 p. ;
_c24 cm.
490 0 _aAmerican cities chronology series
504 _aInclude bibliography and index.
520 _aA chronology of important events in Boston's history accompanied by pertinent documents.
651 0 _aBoston (Mass.)
_xHistory
_xChronology.
_9191546
651 0 _aBoston (Mass.)
_xHistory
_xSources.
_9191547
651 1 _aBoston (Mass.)
_xHistory.
_9191548
700 _aLankevich, George J.
_9191549
830 _aAmerican cities chronology series
_9191434
942 _2ddc
_cBK
999 _c64583
_d64583